Vplyv štruktúry finálnej spotreby na zdrojovú náročnosť tvorby spoločenského produktu s prihliadnutím na medzirepublikové toky produkcie čiastková úloha E IV-4/2.2 : dodatky 1, 2

Guardado en:
Detalles Bibliográficos
Autor principal: Hoffmann, Pavel
Otros Autores: Masaryk, Ján
Formato: Libro
Lenguaje:eslovaco
Publicado: Bratislava Výskumný ústav oblastného plánovania 1973
Colección:Výskumné práce 77
Etiquetas: Agregar Etiqueta
Sin Etiquetas, Sea el primero en etiquetar este registro!

MARC

LEADER 00000nam a2200000 4500
001 0221725
005 20240822101658.7
041 0 |a slo 
044 |a SK 
245 1 0 |a Vplyv štruktúry finálnej spotreby na zdrojovú náročnosť tvorby spoločenského produktu s prihliadnutím na medzirepublikové toky produkcie  |b čiastková úloha E IV-4/2.2 : dodatky 1, 2  |c Pavel Hoffmann, Ján Masaryk 
264 1 |a Bratislava  |b Výskumný ústav oblastného plánovania  |c 1973 
300 |a 74 s. 
490 1 |a Výskumné práce  |v 77 
830 0 |a Výskumné práce  |v 77 
100 1 |a Hoffmann, Pavel 
700 1 |a Masaryk, Ján